[Event "Titled Tuesday intern op 11th Mar Early"]
[Site "Chess.com INT"]
[Date "2025.03.11"]
[Round "7"]
[White "Koshulyan, Egor A"]
[Black "Harikrishna, Pentala"]
[Result "1/2-1/2"]
[WhiteElo "2265"]
[BlackElo "2704"]
[PlyCount "146"]
[EventDate "2025.03.11"]
[EventType "swiss (blitz)"]
[EventRounds "11"]
[EventCountry "USA"]
[SourceTitle "CB12_2025"]
[SourceDate "2025.03.19"]
[SourceVersion "1"]
[SourceVersionDate "2025.03.19"]
[SourceQuality "1"]

1. e4 e5 2. Nf3 Nc6 3. Bb5 a6 4. Ba4 Nf6 5. 0-0 Be7 6. Re1 b5 7. Bb3 d6 8. c3 0-0 9. h3 Nb8 10. d4 Nbd7 11. Nbd2 Bb7 12. Bc2 Re8 13. Nf1 Bf8 14. Ng3 g6 15. b3 Bg7 16. d5 Rc8 17. Ba3 Nb6 18. Bd3 c6 19. c4 cxd5 20. cxd5 Nbxd5 21. exd5 Nxd5 22. Be4 Nc3 23. Qxd6 Qxd6 24. Bxd6 Nxe4 25. Nxe4 f5 26. Nc5 e4 27. Rac1 Ba8 28. Nh2 Rc6 29. Bf4 Bb2 30. Rc2 Ba3 31. Be3 Rec8 32. Rd1 f4 33. Bd4 Rd8 34. Rdd2 Rcd6 35. Nf1 Bb4 36. Rd1 Rxd4 37. Rxd4 Rxd4 38. Nxa6 Bf8 39. Nc7 Bd5 40. Nxb5 Rd3 41. Nc3 Bb7 42. Ne2 g5 43. h4 h6 44. hxg5 hxg5 45. Nc3 e3 46. fxe3 fxe3 47. Ng3 Bg7 48. Nce2 Rd2 49. Rc7 Ba6 50. Nc1 Be5 51. Rc5 Bf4 52. Nh5 e2 53. Nxe2 Be3+ 54. Kh2 Bxc5 55. Neg3 Rxa2 56. Nf6+ Kh8 57. Nfe4 Be7 58. Nf5 Bb7 59. Neg3 Rxg2+ 60. Kh3 Bd8 61. Nd6 Bf3 62. Nf7+ Kg7 63. Nxd8 g4+ 64. Kh4 Kf6 65. Nh5+ Ke5 66. Nf7+ Ke6 67. Nf4+ Kxf7 68. Nxg2 Bxg2 69. Kxg4 Ke6 70. b4 Bd5 71. b5 Kd6 72. b6 Kc6 73. b7 Kxb7 1/2-1/2

[Event "Titled Tuesday intern op 11th Mar Early"]
[Site "Chess.com INT"]
[Date "2025.03.11"]
[Round "8"]
[White "Koshulyan, Egor A"]
[Black "Iniyan, Panneerseluam"]
[Result "0-1"]
[WhiteElo "2265"]
[BlackElo "2567"]
[PlyCount "68"]
[EventDate "2025.03.11"]
[EventType "swiss (blitz)"]
[EventRounds "11"]
[EventCountry "USA"]
[SourceTitle "CB12_2025"]
[SourceDate "2025.03.19"]
[SourceVersion "1"]
[SourceVersionDate "2025.03.19"]
[SourceQuality "1"]

1. e4 d6 2. d4 Nf6 3. Nc3 g6 4. f3 Bg7 5. Be3 a6 6. Qd2 h5 7. 0-0-0 b5 8. h4 Bb7 9. Nh3 Nbd7 10. Ng5 c5 11. dxc5 dxc5 12. Qf2 Qc7 13. Be2 b4 14. Bc4 Ne5 15. Bxf7+ Nxf7 16. Ne6 Qc6 17. Nxg7+ Kf8 18. Nd5 Kxg7 19. Nxe7 Qe6 20. Bxc5 Qxa2 21. Bd4 Rhd8 22. Nd5 Bxd5 23. Bxf6+ Kxf6 24. Qd4+ Ke7 25. Qxb4+ Nd6 26. exd5 Rab8 27. Rhe1+ Kf7 28. Qf4+ Nf5 29. Qc7+ Kg8 30. Qc3 Qa1+ 31. Kd2 Rxd5+ 32. Ke2 Rxd1 33. Rxd1 Re8+ 34. Kd2 Rd8+ 0-1

[Event "Titled Tuesday intern op 04th Mar Early"]
[Site "Chess.com INT"]
[Date "2025.03.04"]
[Round "1"]
[White "Daroczi, Donat"]
[Black "Koshulyan, Egor A"]
[Result "0-1"]
[WhiteElo "2104"]
[BlackElo "2265"]
[PlyCount "44"]
[EventDate "2025.03.04"]
[EventType "swiss (blitz)"]
[EventRounds "11"]
[EventCountry "USA"]
[SourceTitle "CB11_2025"]
[SourceDate "2025.03.12"]
[SourceVersion "1"]
[SourceVersionDate "2025.03.12"]
[SourceQuality "1"]

1. b3 d5 2. Nf3 Nf6 3. Bb2 e6 4. g3 Be7 5. Bg2 0-0 6. 0-0 b6 7. c4 Bb7 8. d4 c5 9. e3 Nc6 10. Nbd2 Rc8 11. Qe2 Qc7 12. Rac1 Rfd8 13. Rfd1 Qb8 14. Ne5 Qa8 15. Nxc6 Bxc6 16. dxc5 bxc5 17. cxd5 Nxd5 18. e4 Nb4 19. Nc4 Nxa2 20. Bxg7 Nxc1 21. Rxd8+ Rxd8 22. Qg4 h5 0-1

[Event "Titled Tuesday intern op 04th Mar Early"]
[Site "Chess.com INT"]
[Date "2025.03.04"]
[Round "6"]
[White "Koshulyan, Egor A"]
[Black "Anton Guijarro, David"]
[Result "1-0"]
[WhiteElo "2265"]
[BlackElo "2663"]
[PlyCount "169"]
[EventDate "2025.03.04"]
[EventType "swiss (blitz)"]
[EventRounds "11"]
[EventCountry "USA"]
[SourceTitle "CB11_2025"]
[SourceDate "2025.03.12"]
[SourceVersion "1"]
[SourceVersionDate "2025.03.12"]
[SourceQuality "1"]

1. d4 d5 2. Nf3 e6 3. Bf4 Bd6 4. e3 Nf6 5. Ne5 0-0 6. Nd2 c5 7. c3 c4 8. h4 Qc7 9. h5 h6 10. g4 Nc6 11. Nxc6 Bxf4 12. Ne7+ Qxe7 13. exf4 b5 14. Qf3 Bb7 15. Rg1 Kh8 16. Qe3 Ne4 17. Nf3 b4 18. Ne5 bxc3 19. bxc3 Qa3 20. Rc1 Nd6 21. Bh3 Rae8 22. g5 hxg5 23. fxg5 Nf5 24. Qd2 Kg8 25. Rb1 Bc8 26. Bxf5 exf5 27. Kf1 Re6 28. Rg3 f4 29. Qxf4 Qxa2 30. Re1 Qc2 31. Rge3 a5 32. h6 a4 33. hxg7 Kxg7 34. Ng4 Rxe3 35. Qf6+ Kg8 36. Nh6+ Kh7 37. Rxe3 Qg6 38. Qe7 Rh8 39. Nxf7 Qb1+ 40. Kg2 Rg8 41. Ne5+ Rg7 42. Qe8 Bf5 43. Qh5+ Kg8 44. Qe8+ Kh7 45. g6+ Rxg6+ 46. Nxg6 Bxg6 47. Qe7+ Kg8 48. Rg3 Qf5 49. Qe8+ Kg7 50. Qxa4 Qe4+ 51. Kh2 Qh4+ 52. Kg1 Qe4 53. Qd7+ Kh6 54. Qh3+ Kg7 55. Qg4 Qe1+ 56. Kg2 Qe8 57. Qg5 Kh7 58. Rh3+ Kg7 59. Qh6+ Kf7 60. Rf3+ Kg8 61. Rg3 Qe4+ 62. Kh2 Kf7 63. Qg5 Qc2 64. Rf3+ Kg8 65. Qd8+ Kh7 66. Rh3+ Kg7 67. Qe7+ Kg8 68. Qd8+ Kg7 69. Qc7+ Kg8 70. Qg3 Qf5 71. Rh4 Kg7 72. Rf4 Qh5+ 73. Rh4 Qf5 74. Rg4 Kh7 75. Qh4+ Kg7 76. Rg5 Qf7 77. Qg3 Qe6 78. Qe5+ Qxe5+ 79. Rxe5 Bf7 80. Kg3 Kf6 81. Kf4 Bg8 82. Rg5 Bf7 83. Rf5+ Ke6 84. Rxf7 Kxf7 85. Ke5 1-0

[Event "Titled Tuesday intern op 04th Mar Early"]
[Site "Chess.com INT"]
[Date "2025.03.04"]
[Round "7"]
[White "Koshulyan, Egor A"]
[Black "Drygalov, Andrey"]
[Result "0-1"]
[WhiteElo "2265"]
[BlackElo "2457"]
[PlyCount "68"]
[EventDate "2025.03.04"]
[EventType "swiss (blitz)"]
[EventRounds "11"]
[EventCountry "USA"]
[SourceTitle "CB11_2025"]
[SourceDate "2025.03.12"]
[SourceVersion "1"]
[SourceVersionDate "2025.03.12"]
[SourceQuality "1"]

1. d4 Nf6 2. Bf4 g6 3. Nc3 d5 4. e3 Bg7 5. h4 h5 6. Nf3 0-0 7. Ng5 c5 8. Be2 Nc6 9. Rb1 cxd4 10. exd4 Bf5 11. 0-0 Rc8 12. Re1 e6 13. a3 a6 14. Nf3 Ne4 15. Na2 Qb6 16. c3 e5 17. Be3 exd4 18. Nxd4 Nxd4 19. Bxd4 Bxd4 20. Qxd4 Qxd4 21. cxd4 Rfe8 22. Nb4 Ng3 23. Bd3 Bxd3 24. Nxd3 Ne2+ 25. Kf1 Nxd4 26. Nf4 Nb3 27. Rxe8+ Rxe8 28. Rd1 Re4 29. Nxd5 Rxh4 30. Rd3 Rh1+ 31. Ke2 Nc1+ 32. Kd2 Nxd3 33. Kxd3 Kg7 34. Nc3 h4 0-1

[Event "Titled Tuesday intern op 04th Mar Early"]
[Site "Chess.com INT"]
[Date "2025.03.04"]
[Round "2"]
[White "Koshulyan, Egor A"]
[Black "Huston, Gus"]
[Result "0-1"]
[WhiteElo "2265"]
[BlackElo "2360"]
[PlyCount "122"]
[EventDate "2025.03.04"]
[EventType "swiss (blitz)"]
[EventRounds "11"]
[EventCountry "USA"]
[SourceTitle "CB11_2025"]
[SourceDate "2025.03.12"]
[SourceVersion "1"]
[SourceVersionDate "2025.03.12"]
[SourceQuality "1"]

1. d4 d5 2. Nf3 Nf6 3. Bf4 e6 4. e3 Bd6 5. Ne5 0-0 6. Nd2 Nfd7 7. Bd3 Qe7 8. Ndf3 g6 9. h4 f6 10. Nxd7 Nxd7 11. Bh6 Re8 12. Qd2 c5 13. c3 c4 14. Bc2 b5 15. e4 Bb7 16. Qe2 dxe4 17. Bxe4 Nb6 18. Bd2 e5 19. dxe5 Bxe5 20. Bxb7 Qxb7 21. Be3 Nd5 22. Nxe5 Nxe3 23. fxe3 Rxe5 24. 0-0 Qe7 25. Rf3 Re8 26. a4 a6 27. axb5 axb5 28. Re1 f5 29. Qf2 Qc5 30. h5 Kg7 31. hxg6 hxg6 32. Qg3 Re4 33. Qf2 R8e7 34. g3 b4 35. Qd2 b3 36. Kg2 Qc6 37. Kg1 Rd7 38. Qf2 Rd3 39. Re2 Qd5 40. Kh2 Re8 41. Rf4 Rh8+ 42. Rh4 Rxh4+ 43. gxh4 Rd1 44. Qg2 Qe5+ 45. Kh3 Rb1 46. h5 Qf6 47. hxg6 Qxg6 48. Qxg6+ Kxg6 49. Kg3 Kg5 50. Kf3 Rc1 51. Rg2+ Kf6 52. Kf4 Rc2 53. Kf3 Ke5 54. Re2 Rxe2 55. Kxe2 Ke4 56. Kd2 Kf3 57. e4 fxe4 58. Ke1 Ke3 59. Kd1 Kf2 60. Kd2 e3+ 61. Kc1 e2 0-1

[Event "Titled Tuesday intern op 04th Mar Early"]
[Site "Chess.com INT"]
[Date "2025.03.04"]
[Round "8"]
[White "Skliarov, Viktor"]
[Black "Koshulyan, Egor A"]
[Result "1-0"]
[WhiteElo "2340"]
[BlackElo "2265"]
[PlyCount "147"]
[EventDate "2025.03.04"]
[EventType "swiss (blitz)"]
[EventRounds "11"]
[EventCountry "USA"]
[SourceTitle "CB11_2025"]
[SourceDate "2025.03.12"]
[SourceVersion "1"]
[SourceVersionDate "2025.03.12"]
[SourceQuality "1"]

1. e4 c5 2. Nf3 Nc6 3. Bb5 g5 4. Nxg5 Nf6 5. d3 Rg8 6. 0-0 Nd4 7. Ba4 b5 8. c3 bxa4 9. cxd4 cxd4 10. e5 h6 11. exf6 hxg5 12. fxe7 Bxe7 13. Qf3 Rb8 14. Re1 Qb6 15. Nd2 Kf8 16. Nc4 Qg6 17. Qg3 d6 18. Rxe7 Kxe7 19. Bxg5+ Kf8 20. Bf4 Qxg3 21. fxg3 Rb5 22. Re1 Be6 23. Bxd6+ Kg7 24. Be5+ Kh7 25. Bxd4 Bxc4 26. dxc4 Rb4 27. Bc3 Rxc4 28. a3 Rgc8 29. Re7 R8c7 30. Re5 Kg6 31. h4 R4c5 32. Re4 f5 33. Rxa4 Rd5 34. Ra6+ Kh7 35. Kh2 Re7 36. Rf6 Re2 37. h5 Re4 38. Ra6 Rd7 39. Kh3 Re2 40. Rf6 Rf2 41. g4 fxg4+ 42. Kxg4 Rxg2+ 43. Kf3 Rg1 44. h6 Rf1+ 45. Ke2 Rh1 46. Ke3 Rh3+ 47. Ke4 Rh4+ 48. Ke5 Rb7 49. Kd5 Rh5+ 50. Kc6 Rb6+ 51. Kc7 Rc5+ 52. Kd7 Rb7+ 53. Kd8 Rd5+ 54. Kc8 Re7 55. Rf8 Kxh6 56. Rh8+ Kg6 57. Rd8 Rc5+ 58. Kb8 Rb5+ 59. Ka8 a5 60. Rb8 Rd5 61. Rb6+ Kf5 62. Rb7 Re8+ 63. Ka7 a4 64. Ka6 Ra8+ 65. Kb6 Ke4 66. Kc6 Rh5 67. Rd7 Ke3 68. Kb7 Ke4 69. Kxa8 Rh7 70. Rd4+ Ke3 71. Rxa4 Rc7 72. Rb4 Rc6 73. Rb7 Rxc3 74. bxc3 1-0

[Event "RUS-chT Rapid"]
[Site "Sochi"]
[Date "2024.10.18"]
[Round "4.10"]
[White "Koshulyan, Egor A"]
[Black "Smirnov, Pavel"]
[Result "1-0"]
[WhiteElo "2287"]
[BlackElo "2482"]
[PlyCount "57"]
[EventDate "2024.10.18"]
[EventType "team-swiss (rapid)"]
[EventRounds "9"]
[EventCountry "RUS"]
[SourceTitle "CB43_2024"]
[Source "Chessbase"]
[SourceDate "2024.10.23"]
[SourceVersion "1"]
[SourceVersionDate "2024.10.23"]
[SourceQuality "1"]
[WhiteTeam "Batareya Samara Region"]
[BlackTeam "Moscow Region"]
[WhiteTeamCountry "RUS"]
[BlackTeamCountry "RUS"]

1. c4 Nf6 2. Nc3 g6 3. g3 Bg7 4. Bg2 0-0 5. d4 d6 6. h3 c6 7. Nf3 Nbd7 8. 0-0 e5 9. e4 Re8 10. Re1 a5 11. Be3 exd4 12. Nxd4 Nc5 13. Qc2 a4 14. Rad1 Qa5 15. Bf4 Bf8 16. Nf3 Be6 17. Bxd6 Bxd6 18. Rxd6 Qb4 19. e5 Bf5 20. Qd2 Nfd7 21. Nd4 Nxe5 22. Nxf5 gxf5 23. Rd4 Ng6 24. Rd1 Ne6 25. Nd5 Qxd2 26. Nf6+ Kh8 27. R4xd2 Red8 28. f4 Kg7 29. Nd7 1-0

[Event "Titled Tuesday intern op 24th Sep Late"]
[Site "Chess.com INT"]
[Date "2024.09.24"]
[Round "3"]
[White "Koshulyan, Egor A"]
[Black "De Souza, Cristiano Gomes"]
[Result "1-0"]
[WhiteElo "2287"]
[BlackElo "2018"]
[PlyCount "59"]
[EventDate "2024.09.24"]
[EventType "swiss (blitz)"]
[EventRounds "11"]
[EventCountry "USA"]
[SourceTitle "EXT 2025"]
[Source "ChessBase"]
[SourceDate "2024.10.14"]
[SourceVersion "1"]
[SourceVersionDate "2024.10.14"]
[SourceQuality "1"]

1. f4 Nf6 2. Nf3 g6 3. g3 Bg7 4. Bg2 0-0 5. 0-0 d6 6. d3 c5 7. e4 Nc6 8. Be3 Ng4 9. Bc1 Nd4 10. h3 Nxf3+ 11. Qxf3 Nh6 12. f5 Kh8 13. g4 Rb8 14. h4 b5 15. g5 Ng8 16. h5 gxf5 17. exf5 Be5 18. Nc3 Bb7 19. Ne4 Bc6 20. Qh3 Qd7 21. Rb1 b4 22. Be3 a5 23. g6 fxg6 24. hxg6 e6 25. Ng5 Bxg2 26. Kxg2 exf5 27. Nxh7 Kg7 28. Nxf8 Kxf8 29. Rxf5+ Ke8 30. Rf8+ 1-0

[Event "Titled Tuesday intern op 24th Sep Late"]
[Site "Chess.com INT"]
[Date "2024.09.24"]
[Round "5"]
[White "Makarian, Rudik"]
[Black "Koshulyan, Egor A"]
[Result "1-0"]
[WhiteElo "2550"]
[BlackElo "2287"]
[PlyCount "71"]
[EventDate "2024.09.24"]
[EventType "swiss (blitz)"]
[EventRounds "11"]
[EventCountry "USA"]
[SourceTitle "EXT 2025"]
[Source "ChessBase"]
[SourceDate "2024.10.14"]
[SourceVersion "1"]
[SourceVersionDate "2024.10.14"]
[SourceQuality "1"]

1. d4 d5 2. c4 e6 3. Nf3 Nf6 4. g3 dxc4 5. Bg2 a6 6. 0-0 Nc6 7. e3 Rb8 8. Nfd2 e5 9. Bxc6+ bxc6 10. dxe5 Ng4 11. Nf3 Qxd1 12. Rxd1 Rb5 13. Nbd2 Be6 14. b3 c3 15. Nc4 Bxc4 16. bxc4 c2 17. Rf1 Rc5 18. Bb2 Rxc4 19. Rac1 Bb4 20. Ne1 Bxe1 21. Rfxe1 0-0 22. h3 Rb8 23. Ba1 Nh6 24. Kf1 Nf5 25. Ke2 Rb5 26. Kd3 Rbc5 27. Re2 f6 28. exf6 Ra4 29. Rexc2 Rd5+ 30. Ke2 gxf6 31. Bxf6 Re4 32. Rxc6 Ra5 33. R1c2 Kf7 34. g4 Nd6 35. Bc3 Nb5 36. Bxa5 1-0

[Event "Titled Tuesday intern op 24th Sep Late"]
[Site "Chess.com INT"]
[Date "2024.09.24"]
[Round "7"]
[White "Xiong, Jeffery"]
[Black "Koshulyan, Egor A"]
[Result "0-1"]
[WhiteElo "2646"]
[BlackElo "2287"]
[PlyCount "36"]
[EventDate "2024.09.24"]
[EventType "swiss (blitz)"]
[EventRounds "11"]
[EventCountry "USA"]
[SourceTitle "EXT 2025"]
[Source "ChessBase"]
[SourceDate "2024.10.14"]
[SourceVersion "1"]
[SourceVersionDate "2024.10.14"]
[SourceQuality "1"]

1. e4 c5 2. Nf3 Nc6 3. Bb5 g5 4. Nxg5 Nf6 5. d3 Rg8 6. 0-0 Nd4 7. Bc4 d5 8. exd5 b5 9. c3 bxc4 10. cxd4 cxd3 11. Nc3 h6 12. Nf3 Bh3 13. Ne1 cxd4 14. Qa4+ Qd7 15. Qxd4 Bxg2 16. Nxg2 Qh3 17. Qa4+ Nd7 18. Qe4 f5 0-1

[Event "Titled Tuesday intern op 13th Aug Late"]
[Site "Chess.com INT"]
[Date "2024.08.13"]
[Round "3"]
[White "Koshulyan, Egor A"]
[Black "Drozdowski, Kacper"]
[Result "0-1"]
[WhiteElo "2287"]
[BlackElo "2450"]
[PlyCount "144"]
[EventDate "2024.08.13"]
[EventType "swiss (blitz)"]
[EventRounds "11"]
[EventCountry "USA"]
[SourceTitle "EXT 2025"]
[Source "ChessBase"]
[SourceDate "2024.10.14"]
[SourceVersion "1"]
[SourceVersionDate "2024.10.14"]
[SourceQuality "1"]

1. e4 e5 2. Nf3 Nc6 3. c3 Nf6 4. d4 d6 5. d5 Ne7 6. Bd3 g6 7. c4 Bg7 8. Nc3 0-0 9. 0-0 Nd7 10. Be3 f5 11. exf5 gxf5 12. Ng5 Nf6 13. f4 Ng4 14. Qe2 Nxe3 15. Qxe3 e4 16. Bc2 c5 17. dxc6 bxc6 18. Rad1 h6 19. Nh3 Rb8 20. Bb3 Kh8 21. c5 d5 22. Ne2 Qa5 23. Rf2 Ba6 24. Ng3 Qc7 25. Nh5 Ng6 26. Qg3 Qf7 27. Rfd2 Rbd8 28. Kh1 Kh7 29. Ba4 Bb7 30. Bb3 Rg8 31. Nxg7 Qxg7 32. Qe3 Qf6 33. Rd4 Rg7 34. R1d2 Nf8 35. Ra4 Bc8 36. Ng1 Ne6 37. Ne2 Qf8 38. Ra5 Qf6 39. Nd4 Nxd4 40. Rxd4 Rdg8 41. Rd2 Rb7 42. Ra6 Rd8 43. Ra4 Rbd7 44. Rad4 Bb7 45. Ba4 Rg7 46. b4 a6 47. Bb3 Rdg8 48. a4 Qe7 49. Ba2 Rg6 50. Bb1 R8g7 51. Re2 a5 52. Ba2 axb4 53. Rxb4 Ba6 54. Reb2 Bf1 55. g3 Bd3 56. Rb6 Qa7 57. Qd4 Qa5 58. Qf2 Qxa4 59. Rd2 Qa3 60. Bb3 Qc1+ 61. Rd1 Qc3 62. Ba4 d4 63. Rb3 Qxc5 64. Rb2 e3 65. Qe1 Be4+ 66. Kg1 d3 67. Rc1 d2 68. Qxd2 exd2+ 69. Rxc5 Rd6 70. Bd1 Ra7 71. Kf2 Ra1 72. Rb7+ Kg6 0-1

[Event "Titled Tuesday intern op 13th Aug Late"]
[Site "Chess.com INT"]
[Date "2024.08.13"]
[Round "10"]
[White "Koshulyan, Egor A"]
[Black "Oro, Faustino"]
[Result "1/2-1/2"]
[WhiteElo "2287"]
[BlackElo "2434"]
[PlyCount "52"]
[EventDate "2024.08.13"]
[EventType "swiss (blitz)"]
[EventRounds "11"]
[EventCountry "USA"]
[SourceTitle "EXT 2025"]
[Source "ChessBase"]
[SourceDate "2024.10.14"]
[SourceVersion "1"]
[SourceVersionDate "2024.10.14"]
[SourceQuality "1"]

1. e4 e5 2. Nf3 Nc6 3. c3 Nf6 4. d4 exd4 5. e5 Nd5 6. cxd4 d6 7. Bb5 Bd7 8. 0-0 Be7 9. Qb3 Nb6 10. Nc3 0-0 11. Bf4 Na5 12. Qc2 dxe5 13. dxe5 Bxb5 14. Nxb5 Nd5 15. Bg3 c6 16. Nbd4 Qd7 17. Rad1 Rfd8 18. Nf5 Bf8 19. Qe4 g6 20. Ne3 Qe6 21. Nd4 Qe8 22. e6 Bg7 23. Bh4 Rd6 24. Bg3 Rdd8 25. Bh4 Rd6 26. Bg3 Rdd8 1/2-1/2

[Event "Titled Tuesday intern op 13th Aug Late"]
[Site "Chess.com INT"]
[Date "2024.08.13"]
[Round "4"]
[White "Lebedev, Artem S"]
[Black "Koshulyan, Egor A"]
[Result "0-1"]
[WhiteElo "2051"]
[BlackElo "2287"]
[PlyCount "80"]
[EventDate "2024.08.13"]
[EventType "swiss (blitz)"]
[EventRounds "11"]
[EventCountry "USA"]
[SourceTitle "EXT 2025"]
[Source "ChessBase"]
[SourceDate "2024.10.14"]
[SourceVersion "1"]
[SourceVersionDate "2024.10.14"]
[SourceQuality "1"]

1. e4 c5 2. Nf3 Nc6 3. d4 cxd4 4. Nxd4 Nf6 5. Nc3 e5 6. Ndb5 d6 7. Bg5 a6 8. Na3 Be6 9. Nc4 Rb8 10. Ne3 Be7 11. a4 0-0 12. Bxf6 Bxf6 13. Ncd5 Bg5 14. Be2 Kh8 15. 0-0 Ne7 16. Nxe7 Bxe3 17. Nd5 Ba7 18. Kh1 f5 19. exf5 Bxf5 20. Bg4 Bg6 21. f4 Be4 22. Bf3 Bf5 23. fxe5 dxe5 24. Qe2 Qh4 25. Ne3 Bg6 26. Ng4 Rbe8 27. Be4 Bh5 28. Rxf8+ Rxf8 29. Rf1 Rd8 30. Qf3 Bc5 31. h3 b5 32. axb5 axb5 33. c3 Qe7 34. Qg3 Re8 35. Ne3 Qd7 36. Nf5 Bg6 37. Qg4 Rf8 38. Ng3 Rxf1+ 39. Nxf1 Qxg4 40. hxg4 Bxe4 0-1

[Event "Titled Tuesday intern op 13th Aug Late"]
[Site "Chess.com INT"]
[Date "2024.08.13"]
[Round "11"]
[White "Marichal Gonzalez, Ariel"]
[Black "Koshulyan, Egor A"]
[Result "0-1"]
[WhiteElo "2268"]
[BlackElo "2287"]
[PlyCount "66"]
[EventDate "2024.08.13"]
[EventType "swiss (blitz)"]
[EventRounds "11"]
[EventCountry "USA"]
[SourceTitle "EXT 2025"]
[Source "ChessBase"]
[SourceDate "2024.10.14"]
[SourceVersion "1"]
[SourceVersionDate "2024.10.14"]
[SourceQuality "1"]

1. d4 Nf6 2. c4 e5 3. dxe5 Ng4 4. Nf3 Bc5 5. e3 Nc6 6. Nc3 0-0 7. Bd3 Re8 8. 0-0 Ngxe5 9. Nxe5 Nxe5 10. Bc2 a5 11. f4 Ng6 12. f5 Ne5 13. f6 Ra6 14. Ne4 Ba7 15. c5 d5 16. cxd6 Bg4 17. Qe1 cxd6 18. Qg3 d5 19. Ng5 Rxf6 20. Bxh7+ Kf8 21. Bd2 Rxf1+ 22. Rxf1 Qxg5 23. Bxa5 Qxe3+ 24. Kh1 Qxg3 25. Bb4+ Re7 26. hxg3 g6 27. Rc1 Nc6 28. Bxe7+ Kxe7 29. b4 Be3 30. Rc2 d4 31. b5 Nd8 32. Rc4 Be6 33. Rc7+ Kd6 0-1

[Event "Titled Tuesday intern op 30th Jul Early"]
[Site "Chess.com INT"]
[Date "2024.07.30"]
[Round "1"]
[White "Bashylina, Luisa"]
[Black "Koshulyan, Egor A"]
[Result "0-1"]
[WhiteElo "2223"]
[BlackElo "2224"]
[PlyCount "44"]
[EventDate "2024.07.30"]
[EventType "swiss (blitz)"]
[EventRounds "11"]
[EventCountry "USA"]
[SourceTitle "EXT 2025"]
[Source "ChessBase"]
[SourceDate "2024.10.14"]
[SourceVersion "1"]
[SourceVersionDate "2024.10.14"]
[SourceQuality "1"]

1. e4 c5 2. Nf3 Nc6 3. Bb5 g5 4. Bxc6 dxc6 5. Nxg5 Nf6 6. d3 Rg8 7. e5 h6 8. exf6 hxg5 9. fxe7 Bxe7 10. 0-0 Be6 11. Nc3 Qc7 12. Ne4 0-0-0 13. Be3 f5 14. Nxc5 Bxc5 15. Bxc5 Rh8 16. f4 Qh7 17. h3 g4 18. Qe2 Rde8 19. Kh2 Bd5 20. Qf2 Qxh3+ 21. gxh3 Rxh3+ 22. Kg1 Rh1# 0-1

[Event "Titled Tuesday intern op 30th Jul Early"]
[Site "Chess.com INT"]
[Date "2024.07.30"]
[Round "6"]
[White "Kocharin, Timur"]
[Black "Koshulyan, Egor A"]
[Result "0-1"]
[WhiteElo "2323"]
[BlackElo "2224"]
[PlyCount "118"]
[EventDate "2024.07.30"]
[EventType "swiss (blitz)"]
[EventRounds "11"]
[EventCountry "USA"]
[SourceTitle "EXT 2025"]
[Source "ChessBase"]
[SourceDate "2024.10.14"]
[SourceVersion "1"]
[SourceVersionDate "2024.10.14"]
[SourceQuality "1"]

1. e4 c5 2. Nf3 Nc6 3. Bb5 g5 4. Nxg5 Nf6 5. d3 Rg8 6. Bxc6 dxc6 7. e5 h6 8. exf6 hxg5 9. Nc3 exf6 10. Qe2+ Be6 11. Be3 Be7 12. 0-0-0 Qa5 13. Kb1 0-0-0 14. f4 Bd6 15. fxg5 Be5 16. Bd2 Bxc3 17. Bxc3 Qxa2+ 18. Kc1 fxg5 19. h4 gxh4 20. Rxh4 Bd5 21. Rg4 Rge8 22. Qf2 c4 23. Rd4 cxd3 24. R1xd3 Kb8 25. b3 Qa3+ 26. Kb1 Qe7 27. Bb4 Qc7 28. Kb2 Qe5 29. Bc3 Qc7 30. Rf4 Ka8 31. g4 Rg8 32. Ra4 b6 33. Bd4 c5 34. Bf6 Rd7 35. g5 Bc6 36. Rxd7 Qxd7 37. Rh4 Kb7 38. Qe3 Re8 39. Qc3 Re2 40. Be5 Be4 41. Rxe4 Rxe4 42. Qf3 Qd5 43. Bc3 Rd4 44. Qf6 Rd1 45. g6 fxg6 46. Qxg6 Qd7 47. Qe4+ Qc6 48. Qe2 Rd7 49. Qc4 Qd5 50. Qg4 a6 51. Qe2 Qc6 52. Qe3 b5 53. Qf4 Qd6 54. Be5 Qd5 55. Bc3 b4 56. Bh8 Qc6 57. Qg4 Rc7 58. Be5 Re7 59. Bf6 Qxf6+ 0-1

[Event "Titled Tuesday intern op 30th Jul Early"]
[Site "Chess.com INT"]
[Date "2024.07.30"]
[Round "8"]
[White "Koshulyan, Egor A"]
[Black "Chen, Ryo"]
[Result "0-1"]
[WhiteElo "2224"]
[BlackElo "2399"]
[PlyCount "104"]
[EventDate "2024.07.30"]
[EventType "swiss (blitz)"]
[EventRounds "11"]
[EventCountry "USA"]
[SourceTitle "EXT 2025"]
[Source "ChessBase"]
[SourceDate "2024.10.14"]
[SourceVersion "1"]
[SourceVersionDate "2024.10.14"]
[SourceQuality "1"]

1. e4 c5 2. Nf3 d6 3. d4 cxd4 4. Qxd4 Nf6 5. Nc3 Nc6 6. Bb5 Bd7 7. Bxc6 Bxc6 8. Bg5 e6 9. 0-0-0 Be7 10. Qd3 h6 11. Bd2 e5 12. h3 Qb6 13. Be3 Qa6 14. Qxa6 bxa6 15. Nd5 Nxd5 16. exd5 Bd7 17. Rhe1 f5 18. Kb1 Kf7 19. c4 Rhc8 20. c5 f4 21. cxd6 Bf5+ 22. Ka1 Bxd6 23. Bd2 e4 24. Nd4 g6 25. Nxf5 gxf5 26. g4 fxg3 27. fxg3 Bxg3 28. Rf1 Kf6 29. Bxh6 Rh8 30. Be3 Rxh3 31. d6 Rd8 32. d7 Ke6 33. Bxa7 Rxd7 34. Rxd7 Kxd7 35. b4 Be5+ 36. Kb1 Ke6 37. a4 Rh2 38. b5 axb5 39. axb5 Rb2+ 40. Kc1 Rxb5 41. Kd2 Rd5+ 42. Ke2 Bd4 43. Bb8 Be5 44. Ba7 Ra5 45. Be3 Ra2+ 46. Kd1 Ra1+ 47. Ke2 Rxf1 48. Kxf1 f4 49. Bd2 Kf5 50. Ke2 f3+ 51. Kf2 Bd4+ 52. Be3 Bxe3+ 0-1

[Event "Titled Tuesday intern op 23rd Jul Early"]
[Site "Chess.com INT"]
[Date "2024.07.23"]
[Round "3"]
[White "Santos Latasa, Jaime"]
[Black "Koshulyan, Egor A"]
[Result "1-0"]
[WhiteElo "2631"]
[BlackElo "2224"]
[PlyCount "52"]
[EventDate "2024.07.23"]
[EventType "swiss (blitz)"]
[EventRounds "11"]
[EventCountry "USA"]
[SourceTitle "EXT 2025"]
[Source "ChessBase"]
[SourceDate "2024.10.14"]
[SourceVersion "1"]
[SourceVersionDate "2024.10.14"]
[SourceQuality "1"]

1. Nf3 d5 2. e3 Nf6 3. c4 e6 4. b3 c5 5. Bb2 Nc6 6. cxd5 exd5 7. Bb5 Bd6 8. 0-0 0-0 9. d4 cxd4 10. Nxd4 Bc7 11. Nf3 Bg4 12. Nbd2 Qd6 13. Bxc6 bxc6 14. Qc2 Bxf3 15. Nxf3 Ng4 16. g3 Rfe8 17. Rac1 Re6 18. Nd4 Rh6 19. Nf5 Qe6 20. Nxh6+ Qxh6 21. h4 Nxe3 22. fxe3 Qxe3+ 23. Qf2 Qe6 24. Kg2 Bb6 25. Qf3 Re8 26. Rce1 Qe2+ 1-0